000 00379nam a22001577a 4500
003 MPLRDC
005 20220104144353.0
008 210129b ||||| |||| 00| 0 eng d
082 _a848.1 LX-14 c.4
100 _a鲁迅著
245 _a中国小说史略
_c
260 _a
_b今代图书公司
_c1965
300 _b
650 _a现代别集
942 _cBK
_o848.1 LX-14 c.4
999 _c48964
_d48954